McFLY Trivia Quiz - Statistics

General Stats
  • This quiz has been taken 26 times
  • The average score is 14 of 20
Answer Stats
Question Answer % Correct
How many Members of McFLY are there? 4
100%
Which member runs marathons? Harry Judd
100%
Which member is an author and playwright? Tom Fletcher
100%
How many studio albums have McFLY released? 7
95%
Which member attempted a solo career? Danny Jones
95%
Which member went to rehab in the 2010s? Dougie Poynter
95%
Who helped write the above album? James Bourne
74%
Which Supergroup did McFLY form with members from Busted? McBusted
74%
What was their first album? Room On The Third Floor
74%
What is their most well-known single? All About You
68%
What was their first single? Five Colours In Her Hair
68%
Which Busted Members? James Bourne and Matt Willis
68%
What is their most recent album? Power To Play
68%
How many solo headlining tours have McFLY performed? 14
58%
Which co-headline arena tour did McFLY perform with Busted in 2025? Busted VS McFLY
58%
What was the name of McFLY's 2012 greatest hits album? Memory Lane
47%
What was McFLY's streaming platform? (2020-2022) McFLY Total Acess (MTA)
42%
What is the compilation album which McFLY made to promote their 2019 O2 Arena show? The Lost Songs
42%
How many singles have McFLY released? 27
37%
Who helped the above album? Steve Batelle
0%
No matching quizzes found
Score Distribution
Percent of People with Each Score
Percentile by Number Answered
Your Score History
You have not taken this quiz